| 000 | 00543nac a22002171ca4500 | ||
|---|---|---|---|
| 001 | a987663002 | ||
| 008 | 170707s1998 gw |||| 000u rus d | ||
| 041 | _arus | ||
| 100 | 1 | _aRemizov, A. V. | |
| 245 | 0 | 0 |
_aOmskoe kraevedenie 1930-1960 godov : _bočerk istorii |
| 264 |
_aOmsk : _bIzd. OmGU, _c1998 |
||
| 650 | 0 | _aGeschichtswissenschaft | |
| 650 | 0 | _aHeimatkunde | |
| 651 | 0 | _aSibirien | |
| 651 | 0 | _aWestsibirien | |
| 710 | 2 | _aOmskij gos. universitet | |
| 942 | _cMG | ||
| 040 | _cRU-10907106 | ||
| 003 | RU-10907106 | ||
| 999 |
_c43456 _d43456 |
||